| 000 | 00470nam a22001937a 4500 | ||
|---|---|---|---|
| 003 | MPLRDC | ||
| 005 | 20220104144105.0 | ||
| 008 | 210129b ||||| |||| 00| 0 eng d | ||
| 020 | _a957-561-135-7 | ||
| 082 | _a910.99 STRA | ||
| 100 | _a刘经树 | ||
| 245 |
_a理查. 史特劳斯 _c |
||
| 250 | _a初版一刷 | ||
| 260 |
_a _b世界文物 _c2001 |
||
| 300 | _b平 | ||
| 490 | _a作曲家小百科. 16 | ||
| 650 | _a各国音乐家 | ||
| 942 |
_cBK _o910.99 STRA |
||
| 999 |
_c46283 _d46273 |
||